000 00565nam a22001697a 4500
003 BD-DhUL
005 20160829191826.0
008 160829b xxu||||| |||| 00| 0 eng d
040 _cBD-DhUL
082 _a920
_bLAP
100 _aলতিফ, নূরসানা
245 _aপাকিস্তানে আটক দিনগুলি /
_cলতিফ, নূরসানা
260 _aঢাকা :
_bআগামী,
_c১৯৯০.
300 _a৫৩ পৃ. ;
_c২২ সেমি.
650 _aইতিহাস
_vHistory
942 _2ddc
_cBK
999 _c102616
_d102616